Nuevos retos para la proteccin̤ de Datos Personales. En la Era del Big Data y de la computacin̤ ubicua

Detalles Bibliográficos
Autor principal: Garriga Domn̕guez, Ana
Formato: Libro
Publicado: Madrid Dykinson 2016
Materias:
Acceso en línea:Acceso restringido

MARC

LEADER 00000nam a22000007a 4500
005 2016062204154.0
007 cr|||| ||
008 160622r2016 spa||||| |||| 00||0 sp d
020 |a 978-84-9085-682-6 
035 |a 14328 
040 |a vLex 
090 |c 6210  |d 6210 
100 1 |a Garriga Domn̕guez, Ana  
245 1 0 |a Nuevos retos para la proteccin̤ de Datos Personales. En la Era del Big Data y de la computacin̤ ubicua  |h [Recurso electronico] /   |c Ana Garriga Domn̕guez  
256 |a Servicio en linea  
260 |a Madrid  |b Dykinson  |c 2016 
300 |a 1 recurso electronico 
506 1 |a Contenido solo disponible en los productos indicados  |d vLex Global  |d vLex Global (Academic Edition, excluding Law Schools)  |d vLex Global (U.S. Academic Edition, Law Schools)  |d vLex Global (U.S. Academic Edition, excluding Law Schools)  |d vLex Global (Academic Edition, Law Schools) 
650 0 4 |a Datos personales  |z Madrid 
740 0 |a vLex libros (servicio en linea) 
856 4 0 |u http://vlex.com/source/nuevos-retos-proteccion-datos-personales-14328  |z Acceso restringido 
942 |c BOOK